Statistics for Wayne Rooney quiz #1

Click here to take the quiz!

General Stats

  • This quiz has been taken 425 times
  • The average score is 5 of 13

Answer Stats

HintAnswer% Correct
Place of birthCroxteth, Liverpool
91%
What was his age when he left Everton?18
80%
In what year did he win 'BBC young sports personality of the year'?2002
69%
In June 2011, what did Rooney have transplanted?Hair
57%
What is the name of his wife?Coleen
51%
How many goals did Rooney score in the 2009-10 season, in all competitions?34
49%
Who did United beat in the 2006 league cup final, in which Rooney was named as man of the match?Wigan
22%
How many caps has Rooney got, as of 5.11.2012, for England?78
15%
In June 2007, Rooney was handed the No. 10 shirt. Who was this worn by before Rooney?Ruud Van Nistelrooy
15%
What other club does Rooney support, apart from Everton?Celtic
9%
What was his transfer fee from Everton to Manchester united?£25.6 million
3%
Who did he score his first senior goals against?Wrexham
2%
Who does Rooney's younger brother, John Rooney, play for?Macclesfield Town
1%

Score Distribution

Percentile by Number Answered

Percent of People with Each Score

Your Score History

You have not taken this quiz